000
00214 a2200097 4500
001
3035
100
_a
S.S.Hayat Khan
245
_a
The nation that lost it's soul.
260
_a
_b
Jung pub.
_c
090
_c
2320
_d
2320
942
_a
NUST-CAE
_c
M
_c
14670
999
_c
238108
_d
238108